Cleveland Cavaliers NBA Playoffs Leaders Per Year - Statistics

General Stats
  • This quiz has been taken 947 times
    225 since last reset
  • The average score is 12 of 35
Answer Stats
Player % Correct
LeBron James
100%
Donovan Mitchell
99%
Darius Garland
96%
Evan Mobley
95%
Jarrett Allen
92%
Kevin Love
92%
Mark Price
77%
Zydrunas Ilgauskas
76%
Max Strus
59%
Brad Daugherty
54%
Elmore Smith
51%
Hot Rod Williams
48%
Larry Nance
47%
Anderson Varejao
40%
Timofey Mozgov
32%
World B. Free
24%
Shawn Kemp
23%
Ron Harper
18%
Terrell Brandon
17%
Larry Hughes
16%
Nate Thurmond
11%
Tyrone Hill
11%
Campy Russell
9%
Foots Walker
7%
Chris Mills
5%
Gerald Wilkins
5%
Jim Brewer
5%
Brevin Knight
4%
Michael Cage
4%
Roy Hinson
4%
Jim Cleamons
3%
John Bagley
3%
Bobby Phills
2%
Dan Majerle
2%
Rod Higgins
1%
No matching quizzes found
Score Distribution
Percent of People with Each Score
Percentile by Number Answered
Your Score History
You have not taken this quiz since the last reset